Empresas públicas y mixtas en la política hondureña de desarrollo
Examina la evolución de las empresas públicas y mixtas en Honduras y presenta un breve panorama de la posición del estado en el proceso económico antes de la década de 1950/ALLV
Guardado en:
| Autor principal: | |
|---|---|
| Autor Corporativo: | |
| Formato: | Texto |
| Publicado: |
Tegucigalpa:
Universidad Nacional Autónoma de Honduras
|
| Materias: | |
| Etiquetas: |
Agregar Etiqueta
Sin Etiquetas, Sea el primero en etiquetar este registro!
|
MARC
| LEADER | 00000 a a2200000 04500 | ||
|---|---|---|---|
| 001 | 19743 | ||
| 003 | |||
| 040 | |||
| 090 | |a 079300 | ||
| 100 | |a Cruz Sandoval, Fernando | ||
| 110 | |a Universidad Nacional Autónoma de Honduras. Instituto Hondureño de Antroplogía e Historia | ||
| 245 | |a Empresas públicas y mixtas en la política hondureña de desarrollo | ||
| 260 | |a Tegucigalpa: |b Universidad Nacional Autónoma de Honduras | ||
| 300 | |a 11 p. | ||
| 520 | |a Examina la evolución de las empresas públicas y mixtas en Honduras y presenta un breve panorama de la posición del estado en el proceso económico antes de la década de 1950/ALLV | ||
| 650 | |a EMPRESAS PUBLICAS | ||
| 650 | |a EMPRESAS MIXTAS | ||
| 650 | |a POLITICA DE DESARROLLO | ||
| 650 | |a POLITICA ECONOMICA | ||
| 999 | |c 15742 |d 15742 | ||
